000 00734nam a2200265Ia 4500
003 OSt
005 20220928120932.0
006 a|||||r|||| 00| 0
007 ta
008 220927b |||||||| |||| 00| 0 eng d
020 _cIndian Rupees 595
024 _a140256
037 _bGift, 08/04/2019,
_cTextual
040 _aSDCL
_cSDCL
_beng
041 _2eng
_aeng
082 _aX:8F, Q7
100 _aNarayanaswamy R.
_9451419
245 0 _aFinancial accounting
_b A management perspective
250 _a6th
260 _aDelhi
_bPHI Learning
_c2017
300 _axii,594p.
_ccm.
650 _aGift
_9391569
942 _hX:8F, Q7
_cTEXL
_2CC
999 _c765476
_d765476